| 000 | 00000nam##2200000za#4500 |
| 001 | 9.688497 |
| 003 | CaOODSP |
| 005 | 20210624231443 |
| 007 | cr ||||||||||| |
| 008 | 150407|2002||||xxc|||||o f|0| 0 eng|d |
| 040 | |aCaOODSP|beng |
| 043 | |an-cn--- |
| 086 | 1 |aSW21-86/2001E-PDF |
| 110 | 1 |aCanada. |bStatus of Women Canada. |
| 245 | 10|aRecognition of lesbian couples : |h[electronic resource]|ban inalienable right / |c[by] Irène Demczuk ... [et al.] |
| 260 | |aOttawa - Ontario : |bStatus of Women Canada |c2002. |
| 300 | |a217p.|bglossary, tables |
| 500 | |aThe catalogue number and ISBN for the print edition have been incorrectly copied in this electronic publication. |
| 504 | |aBibliography. |
| 590 | |a06-10-Supp|b2006-12-15 |
| 690 | 07|aConstitutional law|2gcpds |
| 690 | 07|aSame-sex couples|2gcpds |
| 690 | 07|aStatus of women|2gcpds |
| 720 | 1 |aDemczuk, Irène |
| 775 | 08|tLa reconnaissance des couples de lesbiennes : |w(CaOODSP)9.632922 |
| 776 | 0#|tRecognition of lesbian couples : |w(CaOODSP)9.648385 |
| 856 | 40|ahttp://publications.gc.ca|qPDF|s1203 KB|uhttps://publications.gc.ca/collections/Collection/SW21-86-2001E.pdf |